Proteccion de los lideres sociales y victimas de la violencia en el departamento del Atlántico (Registro nro. 709)

Detalles MARC
000 -LEADER
fixed length control field 03674nmm a2200289 a 4500
003 - CONTROL NUMBER IDENTIFIER
control field CO-CtgCURN
005 - DATE AND TIME OF LATEST TRANSACTION
control field 20250719141210.0
008 - FIXED-LENGTH DATA ELEMENTS--GENERAL INFORMATION
fixed length control field 240624s2024 xx 000 0 und d
040 ## - CATALOGING SOURCE
Original cataloging agency CO-CtgCURN
Language of cataloging spa
Transcribing agency coctgcurn
082 ## - DEWEY DECIMAL CLASSIFICATION NUMBER
Classification number DER 2024
Item number C758
100 ## - MAIN ENTRY--PERSONAL NAME
Personal name Consuegra Ramos, Camilo
Relator term autor
9 (RLIN) 9880
245 #0 - TITLE STATEMENT
Title Proteccion de los lideres sociales y victimas de la violencia en el departamento del Atlántico
Medium [electronic resource] /
Statement of responsibility, etc. Camilo Consuegra Ramos; Yonhattan Enrique Polo Borja; asesora., Margarita Rosa Rodelo García
260 ## - PUBLICATION, DISTRIBUTION, ETC.
Place of publication, distribution, etc. Barranquilla, Atlántico :
Name of publisher, distributor, etc. Corporación Universitaria Rafael Núñez,
Date of publication, distribution, etc. 2024
300 ## - PHYSICAL DESCRIPTION
Extent 1 recurso en línea (39 páginas (PDF)) :
Other physical details tablas, ilustraciones
502 ## - DISSERTATION NOTE
Dissertation note Trabajo de Grado (Abogado). Corporación Universitaria Rafael Núñez. Facultad de Ciencias Sociales y Humanas. Programa de Derecho, 2024
504 ## - BIBLIOGRAPHY, ETC. NOTE
Bibliography, etc. note Incluye referencias bibliográficas
520 ## - SUMMARY, ETC.
Summary, etc. Lo que nos permite identificar, la realidad del riesgo que sufren los líderes sociales en Colombia; y que el Estado Colombiano, está llamado a ejercer lo establecido en la Constitución Política colombiana, que no solo está fundamentada en proteger la vida, sino ofrecer las garantías procesales para que estas violaciones de derecho humanos dentro del territorio colombiano sean identificadas y los causantes de estas barbaries paguen por la afectación de apagar una vida a un líder social. Hay varias fundaciones en Colombia que ejercen el derecho a la protesta , periodistas, grupos sociales defensores de los derechos humanos, los cuales se enfocan en realizan investigaciones referentes a estos actos, siendo estos rechazados por la publica rechaza y buscando mecanismos de hacer justicia frente a este daño realizados a los líderes sociales y exigiendo a las autoridades competentes claridad referente al epígrafe y lo que se encuentra en la mayoría de las veces es un panorama sin respuestas referentes a estos actos de muerte. En un contexto de disparidad de cifras y bases de datos institucionales y de organizaciones defensoras de Derechos Humanos, frente a las agresiones denunciadas por las organizaciones sociales, considero necesario arrojar elementos a fin de establecer si las violaciones al derecho a la vida de 283 seres humanos son hechos aislados o al azar, o por el contrario en nuestro país se está configurando una situación de asesinatos generalizados o sistemáticos en contra de líderes/as sociales y defensores/as de Derechos Humanos Así mismo, se ha logrado identificar que los altos mandos, niegan la exigencia de esta problemática frente a estos hechos de masacres a los líderes sociales en el territorio colombiano, aludiendo que hay falta comunidades sean libres en su pensar y hablar, restitución de tierras, justicia ante sus familias desaparecidas entre muchas más donde lastimosamente se han visto obligados hacer parte de la ley del silencio, ya que el que habla le dan muerte por “sapos” en este sistema de intimidación que ejercen en estos territorios y los directamente afectados son los líderes sociales.
521 ## - TARGET AUDIENCE NOTE
Target audience note AREA PROFESIONAL
590 ## - LOCAL NOTE (RLIN)
Local note Programa de Derecho_18
650 ## - SUBJECT ADDED ENTRY--TOPICAL TERM
Topical term or geographic name entry element Derecho
Form subdivision Tesis y disertaciones académicas
9 (RLIN) 9881
650 ## - SUBJECT ADDED ENTRY--TOPICAL TERM
Topical term or geographic name entry element Lideres sociales
9 (RLIN) 9882
700 ## - ADDED ENTRY--PERSONAL NAME
Personal name Polo Borja, Yonhattan Enrique
Relator term autor
9 (RLIN) 9883
700 ## - ADDED ENTRY--PERSONAL NAME
Personal name Rodelo García, Margarita Rosa
Relator term asesora
9 (RLIN) 9884
856 ## - ELECTRONIC LOCATION AND ACCESS
Uniform Resource Identifier <a href="https://unicurn.sharepoint.com/:b:/s/biblioteca/EVpdx_Muw0BHvtN_bj8Ei7oBWIZvdg36EXWGaoJuCTNbEQ?e=W1p7R3">https://unicurn.sharepoint.com/:b:/s/biblioteca/EVpdx_Muw0BHvtN_bj8Ei7oBWIZvdg36EXWGaoJuCTNbEQ?e=W1p7R3</a>
Link text Consulte aquí el texto completo
942 ## - ADDED ENTRY ELEMENTS (KOHA)
Koha item type Trabajos de grado
Classification part DER 2024
Item part C758
Source of classification or shelving scheme Dewey Decimal Classification
Suppress in OPAC No
Existencias
Withdrawn status Lost status Damaged status Not for loan Collection Home library Current library Shelving location Date acquired Inventory number Total checkouts Full call number Barcode Date last seen Copy number Price effective from Koha item type
        Trabajos de grado Miguel Henríquez Castañeda Barranquilla Miguel Henríquez Castañeda Barranquilla Trabajo de grado 06/24/2024 05360   DER 2024 C758 05360 06/24/2024 ej.1 06/24/2024 Trabajos de grado